00805naa#a2200181#i#4500001002000000005001700020011001400037100004100051102000700092200019300099210007800292215001100370608004500381675007600426700005200502700005600554856001300610RU\RIOR\bibl\12627320260629082704.1##a2409-6024##a20260530b2026####ek#y0rusy0150####ca##aRU1#aИНСТРУМЕНТАРИЙ ДЛЯ СТРУКТУРИРОВАНИЯ ИНКЛЮЗИВНЫХ УСЛУГ В ИНДУСТРИИ ГОСТЕПРИИМСТВАeЖурнальная статья1#aМоскваcООО "Издательский Центр РИОР"d2026##a10 с.##aЖурнальная статья2local##aТеория оказания социальной помощи. 364.01#1aГлинскаяgОльга Сергеевна#1aГрибовскаяgОльга Сергеевна4#arusjm.ru